| 000 | 01357cam a2200421 i 4500 | ||
|---|---|---|---|
| 001 | 20182109 | ||
| 003 | OSt | ||
| 005 | 20241030094421.0 | ||
| 008 | 171130t20182019maua b 001 0 eng c | ||
| 010 | _a 2017044155 | ||
| 020 |
_a9780134609034 _q(student edition) |
||
| 020 |
_a0134609034 _q(student edition) |
||
| 020 |
_a9780134779218 _q(NASTA) |
||
| 020 |
_a0134779215 _q(NASTA) |
||
| 040 |
_aOU/DLC _beng _cOU _erda _dDLC |
||
| 042 | _apcc | ||
| 050 | 0 | 0 |
_aQC23.2 _b.K649 2018 |
| 080 |
_a53 _bK-61 |
||
| 082 | 0 | 0 |
_a530 _223 |
| 100 | 1 |
_aKnight, Randall Dewey, _eauthor. |
|
| 245 | 1 | 0 |
_aCollege physics : _ba strategic approach / _cRandall D. Knight, Brian Jones, Stuart Field. |
| 250 | _aFourth edition. | ||
| 260 |
_aBoston : _bPearson, _c[2018] |
||
| 264 | 4 | _c©2019 | |
| 300 |
_a1 volume (various pagings) : _bcolor illustrations ; _c29 cm |
||
| 336 |
_atext _btxt _2rdacontent |
||
| 337 |
_aunmediated _bn _2rdamedia |
||
| 338 |
_avolume _bnc _2rdacarrier |
||
| 365 | _b129.02 usd | ||
| 504 | _aIncludes bibliographical references and index. | ||
| 650 | 0 |
_aPhysics _vTextbooks. |
|
| 653 | _aფიზიკა | ||
| 700 | 1 |
_aJones, Brian, _d1960- _eauthor. |
|
| 700 | 1 |
_aField, Stuart, _d1958- _eauthor. |
|
| 906 |
_a7 _bcbc _corignew _d1 _eecip _f20 _gy-gencatlg |
||
| 942 |
_2udc _cBK _e4 |
||
| 999 |
_c72 _d72 |
||